[Event "Sigeman & Co 21st"]
[Site "Malmo"]
[Date "2013.05.28"]
[Round "7"]
[White "Berg, Emanuel"]
[Black "Van Wely, Loek"]
[Result "1/2-1/2"]
[WhiteElo "2561"]
[BlackElo "2689"]
[Annotator "Berg,E"]
[PlyCount "136"]
[EventDate "2013.05.22"]
[EventType "tourn"]
[EventRounds "7"]
[EventCountry "SWE"]
[EventCategory "15"]
[SourceTitle "CBM 155"]
[Source "ChessBase"]
[SourceDate "2013.07.16"]
[SourceVersion "1"]
[SourceVersionDate "2013.07.16"]
[SourceQuality "1"]

1. e4 c5 2. Nf3 e6 3. Nc3 a6 4. d4 cxd4 5. Nxd4 Qc7 ({Two rounds earlier in
the tournament Van Wely went for} 5... d6 {against Nigel Short keeping the
queen a bit more flexible on d8.}) 6. Be2 ({Earlier I have gone for the most
common continuation} 6. Bd3 {but decided to try something different.}) 6... Nf6
7. O-O d6 {This is a solid continuation which however gives White some freedom
to start with.} ({The immediate} 7... b5 $2 {is well met by} 8. Bf3 {when the
threat of e5 causes Black serious trouble.}) (7... Bb4 {is a playable line
though when White can continue} 8. Qd3 {being ready to accept doubled c-pawns
in exchange for the pair of bishops.}) 8. f4 {A logical move which takes
control in the centre. Sometimes the pawn sacrifice e5 can now become possible.
} Be7 (8... b5 $6 {is now well met by} 9. e5 $1 dxe5 ({or} 9... b4 10. exf6
bxc3 11. Rf3 $1 cxb2 12. Bxb2 $16 {intending Rc3 when White's development
advantage gives a clear advantage.}) 10. fxe5 Nfd7 (10... Qxe5 $4 11. Bf4 Qc5
12. Bf3 $18) 11. Bh5 g6 12. Bf3 Bb7 13. Ne4 $14) 9. Kh1 {This is the most
common continuation although this prophylactic move might not yet be fully
necessary.} O-O 10. a4 {Preventing ...b5 giving White a space advantage.
However in the long run this move might also turn out to be slightly weakening.
} Nc6 {Black challenges the knight on d4 and White must now watch out for an
exchange on d4 followed by ...e5.} 11. Be3 Re8 {A useful waiting move
preparing for a timely ...e5-break.} (11... Nxd4 {is a bit early although after
} 12. Qxd4 Bd7 {Black remains pretty solid.} (12... e5 $6 13. Qd3 exf4 14. Bxf4
Be6 15. Qg3 $14 {favours White as played in: 1-0 (73) Tseshkovsky,V (2555)
-Andersson,U (2565) Zagreb 1975 among others.})) 12. Qe1 ({The most common
continuation is} 12. Bf3 Rb8 {when White has two main alternatives} {After} 13.
g4 {the most recent computer invention seems to be} (13. Qd2 Bd7 14. Nb3 $5 {
This is an interesting move with the idea of advancing the g-pawn without
allowing Black counterplay in the centre.} b6 15. g4 Bc8 16. g5 Nd7 17. Qf2 (
17. Bg2 Na5 $1 $132 {0-1 (47) Kosteniuk,A (2491)-Lahno,K (2548) Geneve 2013. A
strong move creating counterplay along the b-file.}) 17... Bf8 18. Bg2 Bb7 19.
Rad1 g6 20. Bc1 Rbc8 (20... Nc5)) 13... d5 $5 {played successfully by Laznicka
following} 14. e5 Nxd4 (14... Nd7 $5) 15. Bxd4 Nd7 {reaching a French-like
position. White has a solid block on d4 but perhaps the g4 advance will turn
out to be slightly weakening in the long run.} 16. Qd2 b5 17. axb5 axb5 18. g5
b4 19. Ne2 Bb7 20. h4 Rec8 21. Qe3 Qxc2 22. f5 Ra8 23. Rae1 Ba6 24. Bg4 Nc5 25.
fxe6 Nxe6 26. Rxf7 Kxf7 27. Qf2+ Kg8 28. Bxe6+ Kh8 29. Bxc8 Rxc8 30. Ng3 Qd3
31. Rf1 Qg6 32. Nf5 Bxf1 33. Nxe7 Qe4+ 34. Kg1 Qg4+ 35. Kh2 Qh3+ 36. Kg1 Bg2
37. Qf4 Qh1+ 38. Kf2 Rc2+ {0-1 (38) Duda,J (2456)-Laznicka,V (2674) Czechia
2013}) 12... Nxd4 13. Bxd4 e5 14. fxe5 ({The alternative is} 14. Be3 exf4 15.
Bxf4 Be6 16. Qg3 (16. a5 $5 Nd7 17. Qg3 Ne5 18. Be3 {was seen in 1-0 (51)
Kamsky,G (2686)-Van Wely,L (2647) Wijk aan Zee 2006 CBM 111 [Ftacnik,L];
entering a long positional battle. In my opinion Black seems to be doing fine
here with the centralised knight on e5 although a lot of play still remains.})
16... Nd7 $11 {with a pretty balanced position. White has some space advantage
but Black's outpost on e5 gives him control.}) 14... dxe5 15. Qg3 Bd8 {This
passive move is pretty much forced but it also seems quite enough to hold
Black's position together. Unless White can achieve active counterplay quickly
Black will be able to consolidate and achieve at least an equal game.} 16. Be3
Kh8 {Preventing Bh6.} {Here White has tried quite a number of different moves
but it alls seems to hold together well for Black.} 17. h3 $146 {This move
prepares for Qf3 with the idea of g4 later to create an attack on the kingside.
However this plan is rather slow and Black is in time to generate counterplay.}
(17. Rad1 Be6 18. Bg5 Ng8 19. Be3 Nf6 20. Bg5 {was agreed a draw in Tal,M 
(2615)-Andersson,U (2585) Stockholm 1976.}) (17. Rf2 Be6 18. Raf1 {looks
logical but unless White succeds tactically on the f-file Black will simply be
better.} {After} Rc8 {Black seems to be at least fine: 1/2-1/2 (46)
Sigurjonsson,G-Andersson,U San Feliu de Guixols 1974}) 17... Be6 18. Qf3 Be7
19. Bd3 Bb4 20. Ne2 Nd7 $15 {Black's reorganisation has turned out to be
better than White's and pushing g4 is no longer so tempting. Black is slightly
better although White remains quite solid.} 21. Ng3 {Perhaps a slight
inaccuracy} Bf8 {Perhaps a slight inaccuracy.} ({During the postmortem we both
agreed that starting with} 21... Bc5 {would have been better. Now after} 22.
Bd2 {Black can simply play} Bf8 {when ...Nc5 cannot be exchanged by the bishop
anymore.}) 22. Nf5 (22. b3) 22... Nc5 23. Bxc5 {A practical decision which
makes play rather simple for White. In the absence of Black's knight White can
put up a rather solid defence which will be hard to break trough.} Qxc5 24. Qe2
({The immediate} 24. b3 {would have been better}) 24... g6 25. Ne3 Bh6 26. Ng4
Bf4 27. Rf3 Kg7 (27... h5 28. Nf6 Red8 29. c4 {intending Nd5 gives White some
activity.}) 28. Raf1 h5 29. Ne3 Rh8 $6 {A tricky move but totally unnecessary.
Actually this gives White a second chance to get back into the game and to
reach a comfortable position.} 30. Qf2 $6 $138 {Being focused on the threat ...
Bg4 I missed the chance in the time trouble.} ({After} 30. Nd5 $1 {White takes
over the initiative.} Bxd5 (30... Bg5 31. b4 Qd6 32. c4 $14) (30... Bg4 $2 31.
g3 Bxf3+ 32. Qxf3 Bg5 33. h4 Bd8 34. Qxf7+ Kh6 35. Qxb7 Ra7 36. b4 $1 $16) 31.
exd5 h4 (31... f5 32. g3 Bg5 33. Bxf5 $1 gxf5 34. Qxe5+ Bf6 35. Qxf5 Raf8 36.
g4 $36) (31... Qxd5 32. g3 Bg5 33. Be4 Qd7 34. Rxf7+ Qxf7 35. Rxf7+ Kxf7 36.
Bxb7 $18) 32. Rxf4 $1 exf4 33. Qe5+ f6 (33... Kg8 34. Rxf4 Rh5 35. Qf6 Qxd5 36.
Bc4 $36) 34. Qe4 Rh6 35. d6 $1 $14) (30. Bc4 {would also work out in view of}
Bg4 $2 (30... Bxc4 31. Nxc4 {is pretty much fine for White.}) 31. Nxg4 hxg4 32.
Rc3 $14) 30... Rac8 31. g3 Bxe3 (31... Bxh3 32. gxf4) (31... Bg5 32. Kg2 Rc7
$15) 32. Rxe3 Qe7 33. Kh2 Rhf8 34. b3 Rc3 35. Qd2 Rfc8 36. Ref3 R8c7 37. h4 Qd8
38. R1f2 Qd4 39. Qg5 Bxb3 40. Qf6+ $2 (40. g4 $1 {was to be preferred when
there might follow} hxg4 41. Qxg4 Rxd3 $1 {Other moves would give White a
rather dangerous initiative on the kingside.} 42. cxd3 Bd1 43. Rxf7+ Rxf7 44.
Rxf7+ Kxf7 45. Qxd1 {Black is somewhat more active but White should be able to
hold a draw.}) 40... Kg8 $2 (40... Kh7 $1 41. cxb3 Rxd3 42. Rxd3 Qxd3 43. Qxe5
Rc2 $17 {will give Black a pawn up in the upcomming queen ending.}) 41. cxb3
Rxd3 42. Rxd3 Qxd3 43. Qxe5 Rc8 {This move allows White to liquidate into a
drawn rook endgame.} (43... Qd8 {would have kept some more chances to play on
for a win.}) 44. Qd5 $1 Qxd5 45. exd5 Rd8 (45... Rc3 46. Rd2 Kf8 47. d6 Ke8 48.
Re2+ $11 {intending Re7.}) 46. Rf6 {Not quite necessary although leading to a
theoretical draw.} ({After} 46. Rd2 Kg7 (46... Kf8 47. d6) 47. Rd4 {intending
Rb4 White could have made a draw without giving up a pawn.} b5 48. axb5 axb5
49. d6 Kf6 50. Rd5 Ke6 51. Rxb5 $11) 46... Rxd5 47. Rb6 Rd7 48. b4 Kf8 49. a5
Ke7 50. b5 axb5 51. Rxb5 Kd8 52. Rb6 Kc7 {Black is in time to stop the
exchange of the last queenside pawns but he is still too passive to create
serious winning chances.} 53. Rf6 Re7 54. a6 b5 55. a7 Re8 56. g4 hxg4 57.
Rxf7+ Kb6 58. Rg7 b4 59. Rxg6+ Kxa7 60. Rxg4 Rb8 61. h5 Ka6 62. Kh3 b3 63. Rg1
Rb4 64. Rb1 (64. h6 $4 {would be a horrible blunder allowing} Rb6 $19) 64...
Ka5 65. h6 Rb6 ({Of course not} 65... Ka4 $4 66. Ra1+ Kb5 67. h7 b2 68. Rb1 $18
{and White wins.}) 66. Kg4 Rxh6 67. Rxb3 Rb6 68. Rxb6 Kxb6 1/2-1/2

[Event "Dortmund-B"]
[Site "Dortmund"]
[Date "1991.??.??"]
[Round "5"]
[White "Geller, Efim P"]
[Black "Espig, Lutz"]
[Result "1/2-1/2"]
[WhiteElo "2525"]
[BlackElo "2440"]
[Annotator "Blatny,P"]
[PlyCount "163"]
[EventDate "1991.03.23"]
[EventType "tourn"]
[EventRounds "9"]
[EventCountry "GER"]
[EventCategory "10"]
[SourceTitle "CBM 023"]
[Source "ChessBase"]
[SourceDate "1991.08.01"]
[SourceVersion "1"]
[SourceVersionDate "1991.08.01"]
[SourceQuality "1"]

1. e4 c5 2. Nf3 e6 3. d4 cxd4 4. Nxd4 Nf6 5. Nc3 d6 6. Be2 Be7 7. O-O Nc6 8.
Be3 O-O 9. f4 Bd7 10. Nb3 (10. Ndb5 Qb8 11. a4 Rd8 12. Bf3 Nb4 13. Qe2 e5 14.
Rad1 a6 15. Na3 b5 {Mohrlok-Webb,corr}) (10. Kh1 Nxd4 11. Bxd4 Bc6 12. Bd3 Nd7
13. Qe2 a6 14. a4 $36) 10... a6 (10... Qc7 11. Bf3 Rfd8 12. Qe1 Be8 13. a4 Nb4
14. Nd4 a6 15. Qg3 {Ivanchuk-Sax,Tilburg 1989}) 11. a4 Na5 12. e5 Ne8 13. Nxa5
Qxa5 14. Qd2 Rc8 15. Bf3 Qc7 16. a5 Bc6 17. Bb6 Qb8 18. Rae1 Bd8 19. Kh1 Bxf3
20. Rxf3 Rc6 21. Na4 Bxb6 22. Nxb6 Qc7 23. c4 f6 24. exf6 Rxf6 25. Rfe3 Qf7 26.
h3 Nc7 27. Re4 h6 28. b3 Kh8 29. Kh2 d5 30. Rd4 Rd6 31. Re5 Rd8 32. Qe3 Rf5 33.
g4 Rxe5 34. Qxe5 Re8 35. Kg3 Kg8 36. h4 Qe7 37. cxd5 Nxd5 38. Nxd5 exd5 39.
Qxe7 Rxe7 40. Kf3 Rc7 41. Rb4 Rc3+ 42. Kf2 Rc5 43. Rxb7 Rxa5 44. Ke3 Ra1 45. g5
Re1+ 46. Kf3 hxg5 47. hxg5 g6 48. Rb6 Kg7 49. Rxa6 d4 50. Ra7+ Kg8 51. f5 Rf1+
52. Ke4 Rxf5 53. Kxd4 Rxg5 54. Kc4 Kf8 55. Rd7 Ke8 56. Rd1 Re5 57. b4 Re7 58.
Kc5 Rd7 59. Ra1 Rd2 60. b5 Kd7 61. Kb6 Rd5 62. Ka6 Kc8 63. Rf1 Rd8 64. Ka7 Rd7+
65. Ka8 Rd5 66. Rc1+ Kd7 67. b6 g5 68. b7 Ra5+ 69. Kb8 g4 70. Rc3 Ra2 71. Rg3
Ra4 72. Rg1 Ke6 73. Rb1 Kd7 74. Rb3 Ra2 75. Re3 Ra1 76. Rc3 Ra2 77. Rg3 Ra4 78.
Rg2 Ke6 79. Rb2 Kd7 80. Rg2 Ke6 81. Rb2 Kd7 82. Rd2+ 1/2-1/2

[Event "Baden-Baden-B"]
[Site "Baden-Baden"]
[Date "1992.12.13"]
[Round "8"]
[White "Xie, Jun"]
[Black "Bischoff, Klaus"]
[Result "0-1"]
[WhiteElo "2480"]
[BlackElo "2510"]
[Annotator "Boensch,U"]
[PlyCount "68"]
[EventDate "1992.12.??"]
[EventType "tourn"]
[EventRounds "11"]
[EventCountry "GER"]
[EventCategory "11"]
[SourceTitle "CBM 033"]
[Source "ChessBase"]
[SourceDate "1993.04.01"]
[SourceVersion "1"]
[SourceVersionDate "1993.04.01"]
[SourceQuality "1"]

1. e4 c5 2. Nf3 e6 3. d4 cxd4 4. Nxd4 a6 5. Nc3 Qc7 6. Be2 Nf6 7. O-O d6 8. f4
Be7 9. Be3 O-O 10. g4 Nfd7 11. g5 Re8 12. Bh5 g6 (12... Nc6 $2 13. Bxf7+ $1 $40
) 13. Bg4 Bd8 $5 $146 (13... Nc6 $2 14. Nxe6 $1 fxe6 15. Bxe6+ Kh8 16. Nd5 Qb8
17. Bf7 Rf8 18. Bd4+ $18 {Polgar,J-Ree,H Amsterdam II 1989 1-0 24}) (13... Bf8
14. f5 (14. Qf3 $5) (14. a4 $5) 14... Ne5 15. fxe6 fxe6 16. Rf6 (16. Bh3 Nbc6 (
16... Bg7 $1 $15) 17. Rf6 Nxd4 18. Bxd4 Bg7 19. Bxe5 dxe5 20. Rf3 $10 {Jansa,
V-Stohl,I Praha 1989 1/2 22}) 16... Nxg4 17. Qxg4 Nd7 (17... Nc6 $5) 18. Raf1
Ne5 19. Qh3 Bg7 20. Nxe6 Qd7 21. Nd5 Rxe6 22. Qxe6+ Qxe6 23. Rxe6 Bxe6 24. Nc7
Nc4 25. Bf4 Bh3 26. Nxa8 Bd4+ $15 {Xie Jun-Adorjan,A Express Budapest 1992 0-1
58}) (13... Nf8 $5) 14. Qd2 $6 (14. Qf3 Nc6 15. Rad1 $14) 14... Nc6 15. Rad1
Nxd4 16. Bxd4 b5 17. Qf2 Bb7 18. Rd3 Nf8 (18... b4 19. Qh4 bxc3 $2 (19... Nf8
20. Bf6 $40) 20. Qxh7+ Kxh7 21. Rh3+ Kg8 22. Rh8# $4) 19. b4 (19. a3 $5) 19...
Qc4 20. a3 Rc8 21. Qh4 h5 22. Bxh5 gxh5 23. Qxh5 Qxd4+ $3 $17 24. Rxd4 Bb6 25.
Ne2 Rxc2 26. Rfd1 (26. Kh1 Rxe2 27. Qxe2 Bxd4 $17) 26... e5 $1 27. Kf1 exd4 $19
28. e5 (28. Nxd4 Bxd4 29. Rxd4 Bxe4 $19) 28... dxe5 29. f5 e4 30. Qh6 (30. g6
fxg6 31. fxg6 d3 $19) 30... d3 $1 31. Ng3 (31. f6 dxe2+ 32. Ke1 Bf2+ $19) 31...
e3 32. Rxd3 e2+ 33. Nxe2 (33. Ke1 Bf2+ 34. Kxf2 e1=Q#) 33... Rexe2 34. Qxb6
Bg2+ {Boensch} 0-1

[Event "Groningen"]
[Site "Groningen"]
[Date "1995.??.??"]
[Round "9"]
[White "Tiviakov, Sergei"]
[Black "Van Wely, Loek"]
[Result "1-0"]
[WhiteElo "2655"]
[BlackElo "2585"]
[Annotator "Boensch,U"]
[PlyCount "55"]
[EventDate "1995.12.??"]
[EventType "tourn"]
[EventRounds "11"]
[EventCountry "NED"]
[EventCategory "17"]
[SourceTitle "CBM 051"]
[Source "ChessBase"]
[SourceDate "1996.04.01"]
[SourceVersion "1"]
[SourceVersionDate "1996.04.01"]
[SourceQuality "1"]

1. e4 {Ftacnik Donev} c5 2. Nf3 d6 3. d4 cxd4 4. Nxd4 Nf6 5. Nc3 a6 6. Be2 e6
7. a4 Nc6 8. O-O Be7 9. Be3 O-O 10. f4 Qc7 11. Kh1 Re8 12. Bf3 Bd7 (12... Rb8 {
Der "alte Kasparov-Zug" wird weiterhin gerne angewendet, ab 1987 spielte der
PCA Champion allerdings 12...Bd7.} 13. g4 Nd7 14. g5 Nxd4 15. Qxd4 b6 16. Bg2
Bb7 17. f5 Ne5 18. Rad1 Bc6 19. f6 Bf8 20. fxg7 Bxg7 21. Qxd6 Qxd6 22. Rxd6
Rbc8 $44 {Gurevich,D-Wolff,P USA-ch Modesto (11) 1995 0-1 60 - CBM 51}) 13. Nb3
b6 14. g4 (14. Qe2 Bc8 $2 (14... Nb4 15. Rad1 (15. e5 $6 Nfd5 16. Nxd5 Nxd5 17.
Bxd5 exd5 18. Qf2 Rab8 19. Bd4 dxe5 20. fxe5 Be6 $15 {^^ Moiseev,V-Poluljahov,
A RUS-ch T Moscow (02) 1994 0-1 47 - EXP 45}) 15... Bc6 16. Rd4 d5 17. e5 Nd7
18. Qf2 b5 19. axb5 Bxb5 20. Ra1 Bc6 $10 {Gurevich,I-Polugaevsky,L Hastings 
(03) 1992 1/2 33}) 15. a5 Nd7 16. e5 dxe5 17. fxe5 Rb8 18. Bxc6 Qxc6 19. Rxf7
Kxf7 20. Qh5+ $2 (20. Nd4 $1 Qc5 21. Qh5+ $18) 20... Kf8 21. Rf1+ Nf6 $44 {
Zelcic,R-Hoffmann,M Mitropa Cup (07) CRO-GER 1995 1-0 45 - EXP 46}) 14... Bc8
15. g5 Nd7 16. Bg2 Bb7 {Ftacnik: Black's position is quite flexible, each
piece has its place despite the fact, that they occupy only three rows.} (16...
Bf8 17. Qe2 Bb7 18. Rad1 g6 19. Qf2 Rad8 20. Nd4 Nb4 21. Qh4 Bg7 22. Rd2 f5 $10
{Imanaliev,T-Anand,V Frunze 1987 1/2 52}) (16... Rb8 17. Qh5 g6 18. Qh3 (18.
Qh4 Bf8 19. Rf3 Nb4 20. Rh3 h6 21. gxh6 Kh7 22. Nd4 Be7 23. Qf2 Nf6 24. Rg3 Nh5
25. Rf3 f5 26. Rg1 Bd7 27. Rh3 Nf6 {Poulsen,A-Tiberkov,I/Copenhagen Obro-B (01)
/1990/0.5 (33)}) 18... Nb4 19. f5 Ne5 20. Nd4 exf5 21. exf5 Bb7 22. Ne4 Bxe4
23. Bxe4 Bf8 24. Rae1 $14 {Rachels,S-Browne,W USA-ch (2) 1989 1-0 37} (24. Rae1
{Ftacnik} d5 25. Bg2 Bd6 26. c3 Nbd3 27. Re2 Qc4 28. Bg1 Rbd8 {Rachels,
S-Browne,W/USA-ch (02)/1989/1-0 (37)})) (16... g6 17. Rf3 Bf8 $2 18. Rh3 Bg7
19. Qd2 Bb7 20. Rd1 Rad8 21. Qxd6 $16 {Barcenilla,R-Ftacnik,L Bacolod (9) 1991
1-0 50}) 17. Qh5 $146 (17. Rf3 g6 18. Rh3 Nb4 19. Qd2 Bf8 20. Rf1 Bg7 21. Qf2
Rac8 22. Bd4 Qc4 23. Bxg7 Kxg7 24. Rd1 e5 25. fxe5 Nc6 26. exd6 Re5 27. Nd2 Qb4
28. Rxh7+ Kxh7 29. Qxf7+ Kh8 30. Qxd7 $19 {Nielsen,PH-Van Wely,L Taastrup 1992
1-0 35}) 17... g6 18. Qh3 Nb4 (18... Bf8) 19. f5 Nxc2 {Ftacnik: But nobody
claimed, that the defender can become greedy, white has some healthy attacking
ideas. Donev: Wahrscheinlich der erste und einzige Fehler, der zu sehr
schlechtem Spiel führt.} (19... exf5 20. Nd4 (20. Rac1 Ne5 (20... Bxe4 21. Bxe4
fxe4 22. Rxf7 $1 $40) 21. exf5 Bxg2+ 22. Qxg2 Nc4 $13) (20. exf5 {Ftacnik} Ne5
$5 (20... Bxg2+ 21. Qxg2 gxf5 22. Nd4 $14) (20... Nxc2 21. fxg6 hxg6 22. Nd5
Qd8 23. Rxf7 $1 $40) 21. Nd4 gxf5 $13) 20... Rac8 (20... Bxe4 {Donev} 21. Nxe4
{Auch 21. Be4 nebst 22.Rf7 gewinnt.} fxe4 22. Rxf7 $1 Nf8 23. Ne6 $18 (23. Raf1
$18)) (20... fxe4 {Donev} 21. Rxf7 $1 $18 (21. Rxf7 Nf8 22. Ne6 $1 Qd7 23. Rg7+
Kh8 24. Bd4 $18)) 21. exf5 Bxg2+ 22. Kxg2 (22. Qxg2 $5 $14 {Donev}) 22... Qb7+
23. Kg1 $16) (19... Ne5 $142 $1 {Donev Dieser natürliche Zug bietet dem
Nachziehenden die beste Verteidigungschance.}) 20. fxg6 $1 fxg6 (20... hxg6 $2
{Donev} 21. Rxf7 $1 Nf8 22. Raf1 $16 {Und wir haben die gleiche Variante wie
in der Partie , aber ohne den schwarzen Bauern (h7).}) 21. Rf7 $3 $18 {Ftacnik:
If such a move fits tactically it very often simply decides the game. Black
stands no chance to ward off the onsalught. [#] Donev: Die Pointe! Wie wir in
viele Varianten sehen werden ist dieser Turmzug das Leitmotiv der weißen
Attacke. GM Tiviakov hat einen sehr starken Königsangriff den er Meisterhaft
zum Erfolg führt.} Nf8 $8 (21... Kxf7 22. Qxh7+ Kf8 23. Rf1+ Nf6 24. gxf6 Rec8
25. fxe7+ Ke8 26. Rf8+ Kd7 27. e8=Q#) (21... h5 {Verliert sofort.} 22. Qxe6 Nf8
23. Rxf8+ Kxf8 24. Rf1+ Bf6 (24... Kg7 25. Rf7+ Kh8 26. Qxg6 $18) 25. Rxf6+ Kg7
26. Rxg6+ Kh7 27. Rh6+ Kg7 28. Qf6+ Kg8 29. Rh8#) 22. Raf1 {Es droht Qh6.} Qc4
(22... Nxe3 23. Qh6 $18 (23. Qh6 Bf6 24. Rxc7 $18)) (22... h5 {Donev} 23. gxh6
$18) 23. Bd2 (23. Qh6 $2 Qxf1+ {Einzige Verteidigungsmöglichkeit.} 24. Rxf1
Nxe3 $17 (24... Nxe3 {Donev} 25. Rf3 (25. Rf4 Rac8 26. Kg1 $10) 25... Ng4 26.
Qh4 Ne5 $1 {Für die geopferte Dame hat der Nachziehende ausreichend
Kompensation.})) 23... e5 {Vermeidet die taktische Drohung Qh6, und bereitet
den Tausch der Dame für zwei Türme Qf7 vor.} (23... Qxb3 {Ftacnik} 24. Qh6 $18)
24. Nd5 $1 {Sperrt die Diagonale c4-f7.} (24. Qh6 $6 Qxf7 25. Rxf7 Kxf7 $15)
24... Bxd5 25. exd5 h5 $8 (25... Nd4 26. Nxd4 exd4 27. Qh6 Qxf1+ 28. Rxf1 $18)
26. gxh6 Kh8 (26... Qxa4 $4 {Donev  Der Bauer kann natürlich nicht genommen
werden} 27. h7+ Kh8 28. Qh6 $18) (26... Qh4 {Donev} 27. Rg7+ (27. Qf3 Kh8 28.
Rg7 Qf6 29. Qxf6 Bxf6 30. Rxf6 $18) 27... Kh8 28. Qf3 $18) (26... Bh4 27. Rg7+
Kh8 28. Qf3 $18) 27. Rg7 $1 Nh7 (27... Nd4 28. Nxd4 Qxd4 29. Qf3 Qxd2 30. Qf7
$18) 28. Qe6 (28. Qe6 Bf6 (28... Ng5 29. Qxg6 $18) (28... Nf6 29. Rxf6 $18) 29.
Rxh7+ Kxh7 30. Qf7+ Kh8 31. Qxf6+ Kg8 32. Qg7#) 1-0